Sử dụng ngôn ngữ lập trình Matlab trong dạy học bài tập phần phóng xạ và phản ứng hạt nhân sách giáo khoa vật lý 12 nâng cao.

Cơ sở lý luận của đề tài. Phân tích một số dạng bài tập và ứng dụng Matlab thiết kế một số mô hình dạy bài tập trong phần phóng xạ và phản ứng hạt nhân.

Đã lưu trong:
書目詳細資料
主要作者: Dương Thế Hiển
其他作者: Bùi Văn Loát PGS.TS (Hướng dẫn)
格式: 圖書
語言:Vietnamese
出版: Hà nội Đại học Quốc gia Hà Nội - Trường ĐH Giáo dục 2011
主題:
標簽: 添加標簽
沒有標簽, 成為第一個標記此記錄!
Thư viện lưu trữ: Mạng thư viện Đại học Đà Nẵng
LEADER 01965nam a2200385 4500
001 000020273
003 16718
005 20150316140339.0
008 150313s2011 viesd
041 |a vie 
082 1 4 |a 539.7520785  |b DƯ-H 
100 |a Dương Thế Hiển 
245 1 |a Sử dụng ngôn ngữ lập trình Matlab trong dạy học bài tập phần phóng xạ và phản ứng hạt nhân sách giáo khoa vật lý 12 nâng cao.  |c Dương Thế Hiển ; Bùi Văn Loát hướng dẫn.  |k Luận văn Thạc sĩ 
260 |a Hà nội  |b Đại học Quốc gia Hà Nội - Trường ĐH Giáo dục  |c 2011 
300 |a 126 tr.  |c 29 cm. 
500 |a Luận văn thạc sĩ Khoa học. Chuyên ngành: Lý luận và phương pháp dạy học ( bộ môn Vật Lý). Mã số: 60.14.10 
520 |a Cơ sở lý luận của đề tài. Phân tích một số dạng bài tập và ứng dụng Matlab thiết kế một số mô hình dạy bài tập trong phần phóng xạ và phản ứng hạt nhân. 
650 0 4 |a Vật lí hạt nhân  |v Luận văn tôt nghiệp  |x Phướng pháp dạy học  |x Ứng dụng phần mềm toán học Matlab 
653 |a Giáo dục THPT 
653 |a phần mềm toán học Matlab 
653 |a Vật lí hạt nhân 
653 |a Vật lý 12 nâng cao 
653 |a Phướng pháp dạy học môn Lý 
653 |a Vật lí học hiến đại 
700 1 |a Bùi Văn Loát  |c PGS.TS  |e Hướng dẫn 
OWN |a LSP 
AVA |a UDN50  |b LSP  |d 539.7520785 DƯ-H  |e available  |t Error 5001 Not defined in file expand_doc_bib_avail.  |f 1  |g 0  |h N  |i 0  |k 1 
999 |a From the UDN01 
AVA |a UDN50  |b LSP  |d 539.7520785 DƯ-H  |e available  |t Error 5001 Not defined in file expand_doc_bib_avail.  |f 1  |g 0  |h N  |i 0  |k 1 
TYP |a Monograph 
TYP |a Printed language 
980 |a Mạng thư viện Đại học Đà Nẵng